000 00433pab a2200157 454500
008 180718b2003 xxu||||| |||| 00| 0 eng d
100 _aJelen, Ted G.
245 _aCauses and consequences of public attitudes toward abortion: a review and research agenda
260 _c2003
300 _ap.489-500.
362 _aDec
650 _aAbortion
700 _aWilcox, Clyde
773 _aPolitical Research Quarterly
909 _a59522
999 _c59522
_d59522